Latin American presidents - Statistiques

Statistiques générales
  • Ce quiz a été pris 5 fois
  • Le résultat moyen est 1 sur 20
Statistiques - réponses
Hint Réponse political orientation (fl, l, r, fr) % Correct
Argentina Javier Milei fr
100%
Brasil Lula Da Silva l
33%
Guatemala Bernardo Arevalo l
0%
El Salvador Bukele fr
0%
Suriname Chan Santokhi l
0%
Mexico Claudia Scheinbaum l
0%
Equator Daniel Noboa r
0%
Nicaragua Daniel Ortega fr
0%
Peru Dina Boluarte l
0%
Chile Gabriel Boric l
0%
Colombia Gustavo Petro l
0%
Guyana Irfaan Ali l
0%
Panama José Raul Mulino r
0%
Bolivia Luis Arce l
0%
Cuba Miguel Diaz-Canel fl
0%
Venezuela Nicolas Maduro fl
0%
Costa Rica Rodrigo Chaves r
0%
Paraguay Santiago Pena r
0%
Honduras Xiomara Castro l
0%
Uruguay Yamandu Orsi l
0%
Aucun quiz correspondant
Distribution des résultats
% des personnes avec chaque résultat
Percentile par nombre de réponses
Votre historique - résultats
Vous n’avez pas pris ce quiz